00567nam a2200193 a 4500001001300000003000900013005001700022008004100039020001000080082001600090100002200106245004000128260005900168300000800227500003500235505005700270650002400327700002200351nice12345678IN_TiNIC20260116011908.0050524s1972 naga grp 000 0 eng  ac10000a270.82bHAR aHargreaves, Cecil aExperiments in Ecumenical Team Work aNagpurbNational Christian Council & Christian Mc1972 a46p aincludes index and biblioraphy2 aAlso Contains a First Reader in New Testament Greek. aEcumenicalism-India1 aHargreaves, Cecil